| 000 | 00972nas a2200301 4500 | ||
|---|---|---|---|
| 001 | BR9804734 | ||
| 003 | BR-BrBNA | ||
| 005 | 20231205101119.0 | ||
| 007 | ta | ||
| 008 | 230509b bl.|||p| |||| 00| 00por d | ||
| 040 |
_aBR-BrBNA _bpor _cBiblioteca Nacional de Agricultura |
||
| 041 | _a(Pt) | ||
| 072 | _aL73 | ||
| 100 | 1 | _aRibeiro, H.F.L. | |
| 100 | 1 | _aCamelo, A.S.A. | |
| 100 | 1 | _aVale, W.G. | |
| 245 | 1 | _aEfeito terapeutico a base de iodo em infeccoes do sistema genital de femeas bubalinas criadas nas condicoes climaticas do tropico umido do baixo Amazonas, Estado do Para | |
| 650 | _aBufalo | ||
| 650 | _aFemea | ||
| 650 | _aMetrite | ||
| 650 | _aIodo | ||
| 650 | _aAparelho Reprodutor | ||
| 650 | _aPara | ||
| 650 | _aCondicao Ambiental | ||
| 773 | 0 |
_tBoletim da Faculdade de Ciencias Agrarias do Para (Brazil) _xISSN 0100-2694 _g(Jul-Dec 1995), (no. 24) p. 33-44 _wBR9804734 |
|
| 909 |
_a202311 _bLúcia _c55 _dLúcia Elande |
||
| 942 |
_2AGRIS _n0 _cANA |
||
| 999 |
_c159819 _d159819 |
||